000 00309nam a22001097a 4500
008 160420b xxu||||| |||| 00| 0 eng d
020 _a0323023924
041 _aeng
080 _a618.2
245 1 0 _aNursing interventions classification (NIC):
_cJoanne McCloskey Dochterman; Gloria M. Bulechek;
942 _2udc
_cBK
999 _c1456
_d1456